01397nam a2200277 a 450000100100000000500170001000800410002702000140006804000250008208200200010710000400012724500640016726000410023130000280027250000640030059000270036465000290039165000310042091000370045195201090048895201320059795201320072995201180086195201230097999900170110200001287020240412074235.0091118s2001 dr a 000 j spa d z999342354 aDO-SdBNPbspacBNPHU aRD863.44bP349h1 aPeña Nina, Domingo,d1948-92974010aHistorias de vida, muerte y lejanas /cDomingo Peña Nina. aSanto Domingo :bPeña Nina,c2001. a211 p. :bil. ;c21 cm. aIncluye datos biográficos del autor en la contracubierta. aInventariado, 2020/MAA 0aCuentos dominicanos9176 0aLiteratura dominicana.967 aValidado. Control de calidad MFF 00102ddc708DSaGRbGRd2009-11-18iLF1l0oRD863.44 P349hp12870-3r2020-06-25te.3w2020-06-25yLFDS 001054708DSaGRbGRcHDd2009-11-18iLF1l0oRD863.44 P349hp12870-40r2020-06-25te.4w2020-06-25yLFDSZPréstamo en sala 001054708DSaGRbGRcHDd2013-04-11iLF1l0oRD863.44 P349hp12870-50r2020-06-25te.5w2020-06-25yLFDSZPréstamo en sala 0010718PDaPDbPDcHDd2009-11-18iLF1l0oRD863.44 P349hp12870-10r2020-06-25w2020-06-25yLFPDZNo se presta 0010718PDaPDbPDcHDd2009-11-18iLF1l0oRD863.44 P349hp12870-20r2020-06-25te.2w2020-06-25yLFPDZNo se presta c12518d12518